[Event "National Championship 2014"]
[Site "Kingston"]
[Date "2014.04.25"]
[Round "1.1"]
[White "Brooks, Paul"]
[Black "Richards, Deborah"]
[Result "0-1"]
[WhiteElo "1959"]
[BlackElo "2031"]
[PlyCount "101"]
[EventDate "2014.04.25"]
[EventRounds "11"]
[EventCountry "JAM"]

1. b3 d5 2. Bb2 d4 3. Nf3 c5 4. e3 Nc6 5. Bb5 Bd7 6. exd4 cxd4 7. O-O Nf6 8.
Bxc6 Bxc6 9. Nxd4 Bd7 10. Qf3 Rb8 11. Re1 e6 12. Nf5 Bc6 13. Qg3 g6 14. Bxf6
Qxf6 15. Qxb8+ Kd7 16. Nc3 gxf5 17. Qe5 Qg6 18. Qg3 Qh6 19. f4 Bd6 20. Ne2 Qf8
21. Qf2 Rg8 22. g3 h5 23. h4 Rg4 24. d4 Qg7 25. Kh2 Be4 26. c4 b6 27. a3 Be7
28. Rg1 Bf6 29. Ra2 Qf8 30. b4 Qd8 31. Rh1 Bxh4 32. Kg1 Bxh1 33. Kxh1 Bf6 34.
c5 h4 35. Qf3 Qc7 36. d5 Ke8 37. d6 Qd7 38. Qa8+ Bd8 39. Rd2 bxc5 40. bxc5 Qb5
41. c6 Qb1+ 42. Kh2 hxg3+ 43. Nxg3 Qc1 44. Nf1 Qc3 45. Rg2 Qh8+ 46. Kg1 Qd4+
47. Kh1 Qe4 48. Ne3 Rh4+ 49. Kg1 Qxe3+ 50. Rf2 Qe1+ 51. Kg2 0-1

[Event "National Championship 2014"]
[Site "Kingston"]
[Date "2014.04.25"]
[Round "1.4"]
[White "Wisdom, Daren"]
[Black "Mellace, Andrew"]
[Result "0-1"]
[WhiteElo "1974"]
[BlackElo "2076"]
[PlyCount "100"]
[EventDate "2014.04.25"]
[EventRounds "11"]
[EventCountry "JAM"]

1. e4 c5 2. Nf3 Nc6 3. d4 cxd4 4. Nxd4 g6 5. c4 Nf6 6. Nc3 Nxd4 7. Qxd4 d6 8.
Be2 Bg7 9. Be3 O-O 10. Qd2 Be6 11. Rc1 Qa5 12. O-O Rfc8 13. b3 a6 14. f3 b5 15.
cxb5 axb5 16. Bd4 b4 17. Na4 Nd7 18. Bxg7 Kxg7 19. Rxc8 Rxc8 20. Rc1 Rxc1+ 21.
Qxc1 f5 22. Qe3 Qe5 23. Kf2 fxe4 24. Qxe4 Qxe4 25. fxe4 Kf6 26. Nb2 Nc5 27. Ke3
Ke5 28. Bc4 Bd7 29. Bg8 Bb5 30. Bxh7 Nxe4 31. Bxg6 Nc3 32. Bd3 Bc6 33. g3 d5
34. Bh7 d4+ 35. Kd2 Bb5 36. Bd3 Bd7 37. a4 bxa3 38. Nc4+ Kd5 39. Nxa3 e5 40. h4
e4 41. Bc4+ Ke5 42. b4 e3+ 43. Kc2 Bf5+ 44. Bd3 e2 45. Nc4+ Kf6 46. Kd2 Bxd3
47. Nb2 Bb5 48. h5 d3 49. Nxd3 Bxd3 50. b5 Bxb5 0-1

[Event "National Championship 2014"]
[Site "Kingston"]
[Date "2014.04.25"]
[Round "1.5"]
[White "Davy, Damion"]
[Black "Asher, Miguel"]
[Result "1-0"]
[WhiteElo "2173"]
[BlackElo "1888"]
[PlyCount "139"]
[EventDate "2014.04.25"]
[EventRounds "11"]
[EventCountry "JAM"]

1. d4 Nf6 2. c4 e6 3. Nc3 d5 4. Nf3 Be7 5. g3 c6 6. Bg2 Nbd7 7. O-O O-O 8. b3
b6 9. cxd5 cxd5 10. Bf4 Nh5 11. Be3 Bb7 12. Qd3 h6 13. g4 Nhf6 14. g5 hxg5 15.
Nxg5 Qb8 16. f4 g6 17. Rf3 Kg7 18. Rg3 Qe8 19. Bh3 Nh5 20. Rg2 Bd6 21. Rf1 Rc8
22. f5 exf5 23. Bxf5 Ba6 24. Qd2 Kh8 25. Bxd7 Qxd7 26. Nxd5 Bb7 27. Nf6 Nxf6
28. Rxf6 Bxg2 29. Kxg2 Kg7 30. Rf1 Qg4+ 31. Kh1 Qh5 32. Bf4 Bxf4 33. Qxf4 Rce8
34. e4 f6 35. Qc7+ Kg8 36. Qc4+ Kh8 37. Nf7+ Kg7 38. Nd6 Re7 39. Qd3 Rh8 40.
Qg3 Rd7 41. e5 fxe5 42. dxe5 Rf8 43. Rxf8 Kxf8 44. Qf4+ Kg8 45. Qc4+ Kh7 46.
Qd5 Qe2 47. h3 Rc7 48. Nc4 Qf1+ 49. Kh2 Rf7 50. Ne3 Qe2+ 51. Ng2 Re7 52. e6
Rxe6 53. Qd7+ Re7 54. Qa4 Qf2 55. Qg4 Re2 56. a4 Kh6 57. h4 Re5 58. Qc8 Qf6 59.
Qc1+ Kh7 60. Qc7+ Re7 61. Qg3 Qe5 62. Nf4 Rf7 63. Qxg6+ Kh8 64. Qxf7 a6 65. Kh3
Qc3+ 66. Kg4 Qg7+ 67. Qxg7+ Kxg7 68. Nd5 b5 69. axb5 axb5 70. Nc3 1-0

[Event "National Championship 2014"]
[Site "Kingston"]
[Date "2014.04.25"]
[Round "1.6"]
[White "Lorne, Malaku"]
[Black "Porter, Russel"]
[Result "1/2-1/2"]
[WhiteElo "2073"]
[BlackElo "2123"]
[PlyCount "49"]
[EventDate "2014.04.25"]
[EventRounds "11"]
[EventCountry "JAM"]

1. d4 Nf6 2. Bg5 e6 3. e4 h6 4. Bxf6 Qxf6 5. Qd2 d6 6. Nc3 a6 7. f4 Qd8 8. Nf3
Nd7 9. a4 Be7 10. Bc4 c6 11. O-O d5 12. Bd3 dxe4 13. Nxe4 c5 14. c3 cxd4 15.
Nxd4 Nf6 16. Kh1 Bd7 17. Qe2 Qc7 18. Ng3 O-O 19. Nf3 Bc6 20. Ne5 Rad8 21. Nxc6
Qxc6 22. f5 e5 23. Be4 Nxe4 24. Nxe4 f6 25. a5 1/2-1/2

[Event "National Championship 2014"]
[Site "Kingston"]
[Date "2014.04.26"]
[Round "2.3"]
[White "Mellace, Andrew"]
[Black "Davy, Damion"]
[Result "1/2-1/2"]
[WhiteElo "2076"]
[BlackElo "2173"]
[PlyCount "20"]
[EventDate "2014.04.25"]
[EventRounds "11"]
[EventCountry "JAM"]

1. c4 c5 2. Nc3 Nf6 3. g3 d5 4. cxd5 Nxd5 5. Bg2 Nc7 6. e3 e5 7. Nf3 Nc6 8. a4
Be7 9. O-O O-O 10. b3 Be6 1/2-1/2

[Event "National Championship 2014"]
[Site "Kingston"]
[Date "2014.04.26"]
[Round "2.6"]
[White "Brooks, Paul"]
[Black "Wilson, Brandon"]
[Result "1/2-1/2"]
[WhiteElo "1959"]
[BlackElo "2098"]
[PlyCount "41"]
[EventDate "2014.04.25"]
[EventRounds "11"]
[EventCountry "JAM"]

1. d4 Nf6 2. Bg5 Ne4 3. Bf4 d5 4. f3 Nf6 5. c4 e6 6. Qd3 Nc6 7. c5 b6 8. b4
bxc5 9. bxc5 a5 10. e3 Ba6 11. Qd1 Bxf1 12. Kxf1 Nh5 13. Nh3 Be7 14. Bg3 Nxg3+
15. hxg3 e5 16. Qa4 Qd7 17. Nc3 exd4 18. exd4 Rb8 19. a3 g5 20. Re1 Rb2 21.
Nxg5 1/2-1/2

[Event "National Championship 2014"]
[Site "Kingston"]
[Date "2014.04.27"]
[Round "3.1"]
[White "Wilson, Brandon"]
[Black "Richards, Deborah"]
[Result "1-0"]
[WhiteElo "2098"]
[BlackElo "2031"]
[PlyCount "33"]
[EventDate "2014.04.25"]
[EventRounds "11"]
[EventCountry "JAM"]

1. e4 c5 2. Nc3 e6 3. f4 g6 4. Nf3 Ne7 5. d4 Bg7 6. Nb5 O-O 7. dxc5 a6 8. Nd6
Qa5+ 9. c3 Qxc5 10. Qd3 Qc7 11. g4 Nbc6 12. Be3 b5 13. O-O-O Nb4 14. Qd2 Nxa2+
15. Kb1 Nxc3+ 16. bxc3 Bxc3 17. Bb6 1-0

[Event "National Championship 2014"]
[Site "Kingston"]
[Date "2014.04.27"]
[Round "3.2"]
[White "Smith, Shreyas"]
[Black "Brooks, Paul"]
[Result "0-1"]
[WhiteElo "1944"]
[BlackElo "1959"]
[PlyCount "72"]
[EventDate "2014.04.25"]
[EventRounds "11"]
[EventCountry "JAM"]

1. e4 e5 2. Nf3 Nf6 3. Nxe5 d6 4. Nf3 Nxe4 5. Nc3 Nxc3 6. dxc3 Nc6 7. Be3 Be6
8. Qd2 Qd7 9. O-O-O a6 10. Kb1 O-O-O 11. c4 Ne5 12. Nxe5 dxe5 13. Bd3 Be7 14.
Qc3 Bf6 15. Qb4 e4 16. Be2 Qc6 17. c3 Rxd1+ 18. Rxd1 Rd8 19. Bd4 Bf5 20. Ka1 b6
21. a4 a5 22. Qb5 Qxb5 23. axb5 Bxd4 24. cxd4 Re8 25. b4 axb4 26. Kb2 e3 27. f3
Kb7 28. Ra1 Rd8 29. d5 Kc8 30. Kb3 Kd7 31. Kxb4 Kd6 32. Ra7 Rd7 33. g4 Bg6 34.
f4 c5+ 35. bxc6 Rxa7 36. f5 Bxf5 0-1

[Event "National Championship 2014"]
[Site "Kingston"]
[Date "2014.04.27"]
[Round "3.5"]
[White "Lorne, Malaku"]
[Black "Mellace, Andrew"]
[Result "1/2-1/2"]
[WhiteElo "2073"]
[BlackElo "2076"]
[PlyCount "107"]
[EventDate "2014.04.25"]
[EventRounds "11"]
[EventCountry "JAM"]

1. d4 d5 2. c4 c6 3. Nc3 Nf6 4. Nf3 e6 5. Bf4 dxc4 6. a4 Bb4 7. Bd2 Nbd7 8. e3
Nb6 9. Ne5 O-O 10. Nxc4 Nxc4 11. Bxc4 Qa5 12. O-O e5 13. dxe5 Qxe5 14. Qe2 Bg4
15. f3 Bd6 16. g3 Bh3 17. Rfe1 Rad8 18. e4 Bc5+ 19. Be3 Qg5 20. f4 Bxe3+ 21.
Qxe3 Qa5 22. Be2 Qb4 23. Rab1 Qb3 24. Bd1 Qc4 25. Be2 Qb3 26. Bd1 Qb6 27. Qxb6
axb6 28. e5 Ng4 29. Ne4 h6 30. Bf3 Rd3 31. Bxg4 Bxg4 32. Nf2 Bf5 33. Nxd3 Bxd3
34. Rbd1 Bf5 35. Rd4 Ra8 36. b3 Be6 37. Re3 Kf8 38. Kg2 Ke7 39. h3 h5 40. Rd2
Ra5 41. Rc3 g6 42. Kh2 Ke8 43. Rg2 Rd5 44. g4 h4 45. f5 gxf5 46. gxf5 Bxf5 47.
Re3 Ke7 48. Rg8 Rd2+ 49. Kg1 Rd4 50. Rb8 Rd7 51. Kf2 Be6 52. b4 c5 53. bxc5
bxc5 54. Rc3 1/2-1/2

[Event "National Championship 2014"]
[Site "Kingston"]
[Date "2014.04.27"]
[Round "3.6"]
[White "Porter, Russel"]
[Black "Asher, Miguel"]
[Result "1/2-1/2"]
[WhiteElo "2123"]
[BlackElo "1888"]
[PlyCount "90"]
[EventDate "2014.04.25"]
[EventRounds "11"]
[EventCountry "JAM"]

1. c4 Nf6 2. Nf3 g6 3. Nc3 d5 4. cxd5 Nxd5 5. g3 Bg7 6. Bg2 Nb6 7. O-O Nc6 8.
d3 O-O 9. Rb1 a5 10. Be3 e5 11. Bg5 f6 12. Be3 Nd4 13. Bxd4 exd4 14. Qb3+ Kh8
15. Na4 f5 16. Nxb6 cxb6 17. Rbc1 Rb8 18. h4 h6 19. Rc2 Qd6 20. Qc4 Be6 21. Qc7
Qxc7 22. Rxc7 Bxa2 23. Nd2 Rf7 24. Rfc1 Be5 25. Rc8+ Rxc8 26. Rxc8+ Kg7 27. f4
Bf6 28. b3 a4 29. bxa4 Be6 30. Rb8 Rc7 31. Rxb7 Rxb7 32. Bxb7 Bd7 33. Nc4 Bd8
34. Nb2 g5 35. hxg5 hxg5 36. Ba6 Bc7 37. fxg5 Bxg3 38. Bb5 Bxb5 39. axb5 Kg6
40. Nc4 Bc7 41. Nd2 Kxg5 42. Nf3+ Kf4 43. Nxd4 Ke3 44. Nxf5+ Kxe2 45. Ne7 Kxd3
1/2-1/2

[Event "National Championship 2014"]
[Site "Kingston"]
[Date "2014.04.30"]
[Round "4.1"]
[White "Richards, Deborah"]
[Black "Asher, Miguel"]
[Result "1/2-1/2"]
[WhiteElo "2031"]
[BlackElo "1888"]
[PlyCount "98"]
[EventDate "2014.04.25"]
[EventRounds "11"]
[EventCountry "JAM"]

1. g3 d5 2. Bg2 Nf6 3. Nf3 g6 4. O-O Bg7 5. d3 O-O 6. h3 Nbd7 7. Nbd2 e5 8. c3
Re8 9. Qc2 Qe7 10. e4 dxe4 11. dxe4 b6 12. Re1 Bh6 13. Nc4 Bxc1 14. Raxc1 Ba6
15. Nfd2 Rad8 16. b4 Bb7 17. Ne3 Nf8 18. Ndc4 h5 19. a3 Rd7 20. Nd5 Nxd5 21.
exd5 Bxd5 22. Rxe5 Qd8 23. Rce1 Rxe5 24. Nxe5 Re7 25. Re3 Bxg2 26. Kxg2 Qd5+
27. Nf3 Rxe3 28. fxe3 Ne6 29. c4 Qc6 30. Kf2 a5 31. Qd3 axb4 32. axb4 Qa4 33.
b5 Qa2+ 34. Qe2 Qxe2+ 35. Kxe2 Kg7 36. Kd3 Kf6 37. Ke4 Ke7 38. Kd5 f6 39. e4
Ng7 40. Nd4 Kd7 41. h4 g5 42. e5 fxe5 43. Kxe5 gxh4 44. gxh4 Ne8 45. Nf5 c6 46.
bxc6+ Kxc6 47. Kd4 Kd7 48. Ke5 Kc6 49. Kd4 Kd7 1/2-1/2

[Event "National Championship 2014"]
[Site "Kingston"]
[Date "2014.04.30"]
[Round "4.2"]
[White "Mellace, Andrew"]
[Black "Porter, Russel"]
[Result "1-0"]
[WhiteElo "2076"]
[BlackElo "2123"]
[PlyCount "66"]
[EventDate "2014.04.25"]
[EventRounds "11"]
[EventCountry "JAM"]

1. d4 Nf6 2. c4 g6 3. Nc3 d5 4. cxd5 Nxd5 5. e4 Nxc3 6. bxc3 Bg7 7. Nf3 c5 8.
Rb1 O-O 9. Be2 Nc6 10. d5 Ne5 11. Nxe5 Bxe5 12. Qd2 e6 13. f4 Bc7 14. dxe6 Bxe6
15. Qxd8 Rfxd8 16. Rb2 Ba5 17. Bd2 Rd7 18. O-O Rad8 19. Be1 f5 20. e5 c4 21. h3
h5 22. Bf3 b6 23. Rc2 Rd3 24. Be2 b5 25. Bxd3 cxd3 26. Rb2 Bc4 27. Bd2 Kf7 28.
Kh2 Ke6 29. Ra1 Bc7 30. h4 a6 31. a4 Rg8 32. axb5 axb5 33. Ra7 Bb6 1-0

[Event "National Championship 2014"]
[Site "Kingston"]
[Date "2014.04.30"]
[Round "4.5"]
[White "Brooks, Paul"]
[Black "Wisdom, Daren"]
[Result "0-1"]
[WhiteElo "1959"]
[BlackElo "1974"]
[PlyCount "92"]
[EventDate "2014.04.25"]
[EventRounds "11"]
[EventCountry "JAM"]

1. d4 d5 2. Nf3 g6 3. Bf4 Bg7 4. e3 Nf6 5. Be2 Nbd7 6. h3 O-O 7. O-O c5 8. c3
Ne4 9. Nbd2 Qb6 10. Qc2 Ndf6 11. Ne5 Bf5 12. Nxe4 Nxe4 13. g4 Be6 14. c4 f6 15.
Nf3 Rac8 16. b3 h5 17. dxc5 Rxc5 18. Nd4 hxg4 19. Nxe6 Qxe6 20. hxg4 f5 21.
Rac1 fxg4 22. Qd1 g3 23. fxg3 g5 24. cxd5 Rxc1 25. Qxc1 Qh3 26. Bf3 Nxg3 27.
Bxg3 Qxg3+ 28. Bg2 Rxf1+ 29. Kxf1 Bf6 30. Qc8+ Kg7 31. Qe6 Qc7 32. Be4 Qc1+ 33.
Kf2 Qd2+ 34. Kf3 Qd1+ 35. Kf2 g4 36. Kg3 Qg1+ 37. Kf4 Qh2+ 38. Kxg4 Qxa2 39. d6
exd6 40. Qd7+ Kf8 41. Bd5 Qe2+ 42. Bf3 Qh2 43. Qc8+ Kg7 44. Qxb7+ Kh6 45. Qd5
Qg1+ 46. Kf4 Be5+ 0-1

[Event "National Championship 2014"]
[Site "Kingston"]
[Date "2014.04.30"]
[Round "4.6"]
[White "Wilson, Brandon"]
[Black "Smith, Shreyas"]
[Result "1-0"]
[WhiteElo "2098"]
[BlackElo "1944"]
[PlyCount "49"]
[EventDate "2014.04.25"]
[EventRounds "11"]
[EventCountry "JAM"]

1. e4 c5 2. Nc3 Nc6 3. f4 e6 4. Nf3 d5 5. Bb5 Nge7 6. exd5 exd5 7. Qe2 g6 8.
Qe5 Rg8 9. Bxc6+ bxc6 10. O-O Bg7 11. Qe2 Bg4 12. Qa6 Bxf3 13. Rxf3 Qc7 14. b3
h5 15. Ba3 Bd4+ 16. Kh1 Nf5 17. Re1+ Kd7 18. Na4 h4 19. Bxc5 Bf6 20. c4 d4 21.
Bb6 Qc8 22. Nc5+ Kd6 23. Ne4+ Ke6 24. Qa5 Bg7 25. Nf6+ 1-0

[Event "National Championship 2014"]
[Site "Kingston"]
[Date "2014.05.02"]
[Round "5.1"]
[White "Smith, Shreyas"]
[Black "Richards, Deborah"]
[Result "0-1"]
[WhiteElo "1944"]
[BlackElo "2031"]
[PlyCount "75"]
[EventDate "2014.04.25"]
[EventRounds "11"]
[EventCountry "JAM"]

1. d4 f5 2. g3 Nf6 3. Bg2 e6 4. Nf3 Be7 5. O-O O-O 6. c4 d6 7. Nc3 Nbd7 8. Qd3
Nb6 9. Re1 d5 10. c5 Nbd7 11. Rb1 b6 12. b4 c6 13. Bf4 Ne4 14. Ne5 Nxe5 15.
Bxe5 Bf6 16. Bxf6 Qxf6 17. f3 Nxc3 18. Qxc3 f4 19. cxb6 axb6 20. Qxc6 Rxa2 21.
Qxb6 Qg6 22. Kf2 Qh6 23. Rh1 Ra3 24. b5 fxg3+ 25. hxg3 Qe3+ 26. Kf1 Ra2 27. Re1
Rd2 28. Rh4 h6 29. Qc5 Rb2 30. Qc1 Qb3 31. Qc5 Rc2 32. Qb6 Qe3 33. Qa5 Bd7 34.
b6 Rb2 35. Rf4 Rxf4 36. gxf4 Bb5 37. Qa1 Bxe2+ 38. Rxe2 0-1

[Event "National Championship 2014"]
[Site "Kingston"]
[Date "2014.05.02"]
[Round "5.2"]
[White "Wisdom, Daren"]
[Black "Wilson, Brandon"]
[Result "1-0"]
[WhiteElo "1974"]
[BlackElo "2098"]
[PlyCount "105"]
[EventDate "2014.04.25"]
[EventRounds "11"]
[EventCountry "JAM"]

1. e4 c5 2. Nf3 Nc6 3. d4 cxd4 4. Nxd4 g6 5. c4 Bg7 6. Be3 Nf6 7. Nc3 d6 8. Be2
Bd7 9. O-O Nxd4 10. Bxd4 Bc6 11. Qd3 a5 12. Rad1 O-O 13. f4 Nd7 14. Bf2 Nc5 15.
Bxc5 dxc5 16. Qc2 Bd4+ 17. Kh1 e6 18. e5 Qb6 19. Bf3 a4 20. Bxc6 bxc6 21. Nxa4
Qb4 22. b3 Rxa4 23. bxa4 Ra8 24. Qb3 Rxa4 25. Rc1 Ra3 26. Qxb4 cxb4 27. Rc2 c5
28. g3 h6 29. Kg2 g5 30. Rf3 Ra8 31. Rd3 Bc3 32. Kf3 Kg7 33. Ke4 Kg6 34. fxg5
hxg5 35. g4 f5+ 36. exf6 Kxf6 37. Rf2+ Kg6 38. Rd6 Re8 39. Rc6 Bd4 40. Rd2 Kf7
41. Rxd4 cxd4 42. Kxd4 Ra8 43. Ke5 Rxa2 44. Rc7+ Kg6 45. Kxe6 Ra6+ 46. Kd7 Rb6
47. c5 Rb5 48. c6 Rd5+ 49. Ke6 Rd4 50. Rb7 Rxg4 51. c7 Rc4 52. Kd5 Rc2 53. Rb6+
1-0

[Event "National Championship 2014"]
[Site "Kingston"]
[Date "2014.05.02"]
[Round "5.3"]
[White "Davy, Damion"]
[Black "Brooks, Paul"]
[Result "1-0"]
[WhiteElo "2173"]
[BlackElo "1959"]
[PlyCount "99"]
[EventDate "2014.04.25"]
[EventRounds "11"]
[EventCountry "JAM"]

1. e4 e6 2. d4 d5 3. Nd2 Nf6 4. e5 Nfd7 5. Bd3 c5 6. c3 Nc6 7. Ne2 cxd4 8. cxd4
f6 9. exf6 Nxf6 10. O-O Bd6 11. Nf3 O-O 12. Bf4 Bxf4 13. Nxf4 Qd6 14. Ne2 Ng4
15. h3 Rxf3 16. hxg4 Rf8 17. f4 Qe7 18. g5 g6 19. a3 Qg7 20. Bc2 Ne7 21. Rc1
Bd7 22. Bd3 Rac8 23. Qd2 Nf5 24. Bxf5 exf5 25. Rxc8 Rxc8 26. Nc3 Rc4 27. Ne2
Ba4 28. Rc1 Rxc1+ 29. Qxc1 Qe7 30. Kf2 Bb5 31. Nc3 Bc6 32. g3 Qe8 33. Qd1 Qd7
34. Qe2 Qg7 35. Qe6+ Qf7 36. Qe5 a6 37. Ke3 Kf8 38. b4 Qe7 39. Kf2 Qxe5 40.
dxe5 Ke7 41. Ke3 b6 42. Kd4 Ke6 43. a4 Bb7 44. a5 bxa5 45. bxa5 Bc6 46. Kc5 Ba8
47. Ne2 Kd7 48. Kb6 Bc6 49. Nd4 Ba4 50. Kc5 1-0

[Event "National Championship 2014"]
[Site "Kingston"]
[Date "2014.05.03"]
[Round "6.1"]
[White "Richards, Deborah"]
[Black "Mellace, Andrew"]
[Result "0-1"]
[WhiteElo "2031"]
[BlackElo "2076"]
[PlyCount "56"]
[EventDate "2014.04.25"]
[EventRounds "11"]
[EventCountry "JAM"]

1. Nf3 Nf6 2. d4 d5 3. Bf4 c6 4. e3 Bg4 5. h3 Bxf3 6. gxf3 g6 7. c4 Qb6 8. b3
Bg7 9. c5 Qd8 10. Nd2 Nbd7 11. Bg5 e5 12. dxe5 Nxe5 13. Rc1 Qa5 14. Bxf6 Bxf6
15. f4 Nd7 16. Qc2 O-O 17. f5 Rae8 18. Rg1 d4 19. fxg6 fxg6 20. Qc4+ Kg7 21. b4
Qc7 22. e4 Ne5 23. Qe2 Bh4 24. Rg2 Rf4 25. Kd1 Qf7 26. f3 Nxf3 27. Nxf3 Rxf3
28. Kd2 d3 0-1

[Event "National Championship 2014"]
[Site "Kingston"]
[Date "2014.05.03"]
[Round "6.4"]
[White "Brooks, Paul"]
[Black "Lorne, Malaku"]
[Result "1/2-1/2"]
[WhiteElo "1959"]
[BlackElo "2073"]
[PlyCount "30"]
[EventDate "2014.04.25"]
[EventRounds "11"]
[EventCountry "JAM"]

1. c4 c5 2. Nc3 Nc6 3. Nf3 g6 4. g3 Bg7 5. Bg2 Nf6 6. O-O O-O 7. d3 d6 8. Bd2
e5 9. e4 h6 10. h3 Be6 11. a3 Qd7 12. Kh2 a6 13. Qc1 Kh7 14. Rb1 Nd4 15. Nxd4
cxd4 1/2-1/2

[Event "National Championship 2014"]
[Site "Kingston"]
[Date "2014.05.03"]
[Round "6.5"]
[White "Wilson, Brandon"]
[Black "Davy, Damion"]
[Result "0-1"]
[WhiteElo "2098"]
[BlackElo "2173"]
[PlyCount "124"]
[EventDate "2014.04.25"]
[EventRounds "11"]
[EventCountry "JAM"]

1. e4 c5 2. Nc3 Nc6 3. f4 e6 4. Nf3 Nge7 5. Be2 d5 6. d3 g6 7. O-O Bg7 8. Qe1
O-O 9. Qh4 Nd4 10. Nxd4 cxd4 11. Nd1 Nc6 12. Qe1 Qb6 13. Nf2 Qc5 14. Bd1 b5 15.
e5 f6 16. Ng4 fxe5 17. fxe5 Rxf1+ 18. Qxf1 Nxe5 19. Nf6+ Kh8 20. Ne8 Bd7 21.
Nxg7 Kxg7 22. Qe1 Nf7 23. Kh1 e5 24. c3 Bf5 25. Be2 dxc3 26. bxc3 Rc8 27. Bb2
Kg8 28. Qd2 a5 29. Rc1 Qe7 30. d4 exd4 31. Bxb5 Nd6 32. Qxd4 Qe4 33. Qxe4 Bxe4
34. Bd7 Rb8 35. Ba3 Nc4 36. Be6+ Kg7 37. Bc5 Rb2 38. Bd4+ Kf8 39. Rf1+ Ke7 40.
Bh3 g5 41. Bf6+ Kd6 42. Bxg5 Rxa2 43. Bf6 Rb2 44. Bd8 Rb1 45. Rxb1 Bxb1 46.
Bxa5 Nxa5 47. g4 Ke5 48. Kg1 Kf4 49. Kf2 Bd3 50. Bg2 Be4 51. Bf1 Kxg4 52. Ke3
Kf5 53. Kd4 Nb3+ 54. Ke3 Ke5 55. Be2 Na5 56. Bf1 Nc4+ 57. Kf2 Kf4 58. Be2 Ne5
59. Bd1 Nd3+ 60. Kg1 Ke3 61. Bb3 Ne5 62. h3 Nf3+ 0-1

[Event "National Championship 2014"]
[Site "Kingston"]
[Date "2014.05.03"]
[Round "6.6"]
[White "Smith, Shreyas"]
[Black "Wisdom, Daren"]
[Result "0-1"]
[WhiteElo "1944"]
[BlackElo "1974"]
[PlyCount "58"]
[EventDate "2014.04.25"]
[EventRounds "11"]
[EventCountry "JAM"]

1. e4 e5 2. Nf3 Nc6 3. Bc4 f5 4. d4 fxe4 5. Nxe5 d5 6. Qh5+ g6 7. Nxg6 Nf6 8.
Qh4 Nxd4 9. Bg5 Bg7 10. Nxh8 Nxc2+ 11. Kf1 dxc4 12. Nc3 Nxa1 13. Bxf6 Qxf6 14.
Qxh7 Bxh8 15. Nd5 Qg7 16. Qxe4+ Kf8 17. Qxc4 Be6 18. Qc5+ Kg8 19. Ne7+ Kf7 20.
Nd5 Kg8 21. Ne7+ Kh7 22. Nf5 Qg5 23. Qxc7+ Kg8 24. Ne3 Rc8 25. Qd6 Qb5+ 26. Ke1
Rc1+ 27. Nd1 Qe8 28. Qg3+ Bg4+ 29. Kd2 Rc2+ 0-1

[Event "National Championship 2014"]
[Site "Kingston"]
[Date "2014.05.04"]
[Round "7.1"]
[White "Wisdom, Daren"]
[Black "Richards, Deborah"]
[Result "1-0"]
[WhiteElo "1974"]
[BlackElo "2031"]
[PlyCount "59"]
[EventDate "2014.04.25"]
[EventRounds "11"]
[EventCountry "JAM"]

1. d4 d5 2. Nf3 Nf6 3. e3 e6 4. b3 Nbd7 5. Bb2 Bd6 6. Bd3 c5 7. Ne5 b5 8. Nxd7
Bxd7 9. dxc5 Bxc5 10. O-O O-O 11. Nd2 Bd6 12. e4 Be7 13. e5 Ne8 14. f4 g6 15.
g4 Bc5+ 16. Kg2 b4 17. Qe2 Rb8 18. h4 f6 19. exf6 Nxf6 20. h5 e5 21. Qxe5 Bxg4
22. hxg6 h5 23. Rae1 Rb6 24. Qg5 Rb7 25. Qh6 Qd7 26. Ne4 Bh3+ 27. Kh1 dxe4 28.
Bc4+ Be6 29. g7 Rf7 30. Qh8# 1-0

[Event "National Championship 2014"]
[Site "Kingston"]
[Date "2014.05.04"]
[Round "7.2"]
[White "Davy, Damion"]
[Black "Smith, Shreyas"]
[Result "0-1"]
[WhiteElo "2173"]
[BlackElo "1944"]
[PlyCount "90"]
[EventDate "2014.04.25"]
[EventRounds "11"]
[EventCountry "JAM"]

1. d4 d6 2. e4 Nf6 3. Nc3 g6 4. Bg5 c6 5. Qd2 b5 6. Bd3 Bg7 7. f4 O-O 8. Nf3
Bg4 9. O-O-O Nbd7 10. e5 dxe5 11. fxe5 b4 12. Nb1 Nd5 13. Bh6 Qa5 14. Bc4 N7b6
15. Bb3 Qb5 16. h4 f6 17. Rde1 a5 18. exf6 exf6 19. Re7 Rf7 20. Rxf7 Kxf7 21.
h5 gxh5 22. Qf4 Kg8 23. Bxg7 Kxg7 24. Qg3 Kh8 25. Nbd2 a4 26. Bxd5 Qxd5 27. Kb1
Be6 28. b3 axb3 29. Nxb3 Qd7 30. Qh4 Nd5 31. Nc5 Qa7 32. a4 bxa3 33. Nd2 Nc3+
34. Ka1 Qf7 35. Rf1 Bf5 36. Ndb3 Qg6 37. Qe1 Nd5 38. c4 Re8 39. Qf2 Ne3 40. Rg1
Nxc4 41. Qf3 Ne3 42. Ka2 Nd5 43. Kxa3 Bg4 44. Qd3 Ra8+ 45. Kb2 Ra2+ 0-1

[Event "National Championship 2014"]
[Site "Kingston"]
[Date "2014.05.04"]
[Round "7.3"]
[White "Lorne, Malaku"]
[Black "Wilson, Brandon"]
[Result "0-1"]
[WhiteElo "2073"]
[BlackElo "2098"]
[PlyCount "96"]
[EventDate "2014.04.25"]
[EventRounds "11"]
[EventCountry "JAM"]

1. d4 Nf6 2. Bg5 Ne4 3. Bf4 d5 4. f3 Nf6 5. Nc3 e6 6. e4 c5 7. dxc5 Bxc5 8.
exd5 O-O 9. Bc4 Qb6 10. Nge2 exd5 11. Bb3 Bd7 12. Be5 Re8 13. Bxf6 Qxf6 14.
Nxd5 Qe5 15. Ndc3 Qe3 16. Rf1 Bf5 17. Ne4 Nc6 18. Bxf7+ Kxf7 19. Qd5+ Kg6 20.
Qxc5 Qxc5 21. Nxc5 Nd4 22. Ne4 Nxc2+ 23. Kf2 Nxa1 24. Nf4+ Kh6 25. Nd6 Rf8 26.
Rxa1 g5 27. Ne2 Bd3 28. Nc3 Rad8 29. Nde4 g4 30. Ke3 gxf3 31. gxf3 Bc4 32. Nf2
Rf5 33. b3 Rdf8 34. Nfe4 Rxf3+ 35. Kd4 Bd3 36. Re1 Rd8+ 37. Ke5 Re8+ 38. Kd4
Bxe4 39. Nxe4 Rf2 40. h3 Rxa2 41. Rf1 Rd8+ 42. Kc3 Re2 43. Rf6+ Kg7 44. Re6 Rd7
45. Kc4 Rc2+ 46. Kb4 Rd4+ 47. Ka3 Re2 48. Nc5 Rdd2 0-1

[Event "National Championship 2014"]
[Site "Kingston"]
[Date "2014.05.04"]
[Round "7.4"]
[White "Porter, Russel"]
[Black "Brooks, Paul"]
[Result "1/2-1/2"]
[WhiteElo "2123"]
[BlackElo "1959"]
[PlyCount "47"]
[EventDate "2014.04.25"]
[EventRounds "11"]
[EventCountry "JAM"]

1. c4 e5 2. Nc3 Nf6 3. Nf3 Nc6 4. g3 d5 5. cxd5 Nxd5 6. Bg2 Nb6 7. O-O Be7 8.
d3 Be6 9. Be3 O-O 10. Na4 f5 11. Bc5 Nd7 12. Bxe7 Qxe7 13. Nd2 Qf7 14. Nb3 Bd5
15. Bxd5 Qxd5 16. Nd2 Nd4 17. e3 Ne6 18. Qb3 Qxb3 19. Nxb3 c5 20. Rac1 b6 21.
Rfd1 Rac8 22. Nc3 Nb8 23. Nb5 Nc6 24. Kg2 1/2-1/2

[Event "National Championship 2014"]
[Site "Kingston"]
[Date "2014.05.07"]
[Round "8.3"]
[White "Brooks, Paul"]
[Black "Asher, Miguel"]
[Result "1/2-1/2"]
[WhiteElo "1959"]
[BlackElo "1888"]
[PlyCount "134"]
[EventDate "2014.04.25"]
[EventRounds "11"]
[EventCountry "JAM"]

1. e4 c5 2. Nf3 a6 3. d3 Nc6 4. g3 e6 5. Bg2 Nge7 6. Nbd2 g6 7. O-O Bg7 8. Re1
O-O 9. c3 b5 10. e5 Rb8 11. d4 cxd4 12. cxd4 f6 13. Qe2 Qb6 14. Nb3 Nd5 15. h4
fxe5 16. dxe5 Rf5 17. Bh3 Rf8 18. Bd2 Bb7 19. Rac1 Nxe5 20. Nxe5 Bxe5 21. Nc5
Bd4 22. Nxd7 Bxf2+ 23. Kh2 Bg1+ 24. Rxg1 Rf2+ 25. Rg2 Rxe2 26. Nxb6 Rxg2+ 27.
Bxg2 Nxb6 28. Bf4 e5 29. Bxe5 Re8 30. Bxb7 Rxe5 31. Rc2 a5 32. b3 a4 33. Kg2
axb3 34. axb3 Nd5 35. Rc8+ Kg7 36. Bxd5 Rxd5 37. Rc7+ Kf6 38. Rb7 h5 39. b4 Ke5
40. Rb6 Kd4 41. Rxg6 Kc4 42. Rg5 Rd2+ 43. Kf3 Kxb4 44. Rxh5 Ka4 45. Rh8 b4 46.
h5 Rd6 47. Rb8 b3 48. g4 Ka3 49. g5 b2 50. h6 Rd3+ 51. Kf4 Rd4+ 52. Kg3 Rb4 53.
Rxb4 Kxb4 54. h7 b1=Q 55. h8=Q Qd3+ 56. Kf4 Qf1+ 57. Ke4 Qb1+ 58. Kd5 Qb3+ 59.
Kd6 Qd3+ 60. Ke6 Qb3+ 61. Kd6 Qd3+ 62. Ke6 Qb3+ 63. Kf5 Qd3+ 64. Kf4 Qf1+ 65.
Kg4 Qg2+ 66. Kf5 Qc2+ 67. Ke6 Qb3+ 1/2-1/2